ბათუმის შოთა რუსთაველის სახელმწიფო უნივერსიტეტის ბიბლიოთეკა

მფრინავი ცისარტყელები. (ბიბ.ჩანაწერი № 44023)

000 -LEADER
fixed length control field 00742nam a2200217Ia 4500
001 - CONTROL NUMBER
control field 10774
003 - CONTROL NUMBER IDENTIFIER
control field GE_BSU
008 - FIXED-LENGTH DATA ELEMENTS--GENERAL INFORMATION
fixed length control field 181216s||||||||xx |||||||||||||| ||und||
040 ## - CATALOGING SOURCE
Transcribing agency GE_BSU
080 ## - UNIVERSAL DECIMAL CLASSIFICATION NUMBER
Universal Decimal Classification number 821.353.1-31
100 ## - MAIN ENTRY--PERSONAL NAME
Personal name ქეთელაური,სულხან.
245 ## - TITLE STATEMENT
Title მფრინავი ცისარტყელები.
245 ## - TITLE STATEMENT
Remainder of title რომანი.
245 ## - TITLE STATEMENT
Statement of responsibility, etc. რედ.ვახტანგ პეტრიაშვილი; მხატვ.ლ.ქუთათელაძე.
260 ## - PUBLICATION, DISTRIBUTION, ETC.
Place of publication, distribution, etc. თბილისი.
260 ## - PUBLICATION, DISTRIBUTION, ETC.
Name of publisher, distributor, etc. მერანი.
260 ## - PUBLICATION, DISTRIBUTION, ETC.
Date of publication, distribution, etc. 1987.
300 ## - PHYSICAL DESCRIPTION
Extent 422გვ;21სმ.
653 ## - INDEX TERM--UNCONTROLLED
Uncontrolled term მფრინავი ცისარტყელები.
942 ## - ADDED ENTRY ELEMENTS (KOHA)
Koha item type წიგნი
ეგზემპლარები
Withdrawn status Lost status Damaged status Not for loan Date acquired Barcode Date last seen Price effective from Koha item type Public note
        2018-12-17 35243 2018-12-17 2018-12-17 წიგნი  
        2018-12-17 35244 2018-12-17 2018-12-17 წიგნი  
        2018-12-17 35245 2018-12-17 2018-12-17 წიგნი 5ლ
        2018-12-17 35246 2018-12-17 2018-12-17 წიგნი 1ლ